| 000 | 01072nas a2200325 4500 | ||
|---|---|---|---|
| 001 | BR2016001501 | ||
| 003 | BR-BrBNA | ||
| 005 | 20231205130242.0 | ||
| 007 | ta | ||
| 008 | 230509b bl.|||p| |||| 00| 00por d | ||
| 040 |
_aBR-BrBNA _bpor _cBiblioteca Nacional de Agricultura |
||
| 041 | _a(En) | ||
| 072 | _aL40 | ||
| 100 | 1 | _aPorto, M.L. | |
| 100 | 1 | _aGivisiez, P.E.N. | |
| 100 | 1 | _aSaraiva, E.P. | |
| 100 | 1 | _aCosta, F.G.P. | |
| 100 | 1 | _aMoreira Filho, A.L.B. | |
| 100 | 1 | _aAndrade, M.F.S. | |
| 100 | 1 | _aBrandão, P.A. | |
| 100 | 1 | _aGuerra, R.R. | |
| 245 | 1 | _aGlutamic acid improves body weight gain and intestinal morphology of broiler chickens submitted to heat stress | |
| 650 | _aFRANGO DE CORTE | ||
| 650 | _aMORFOLOGIA ANIMAL | ||
| 650 | _aGANHO DE PESO | ||
| 773 | 0 |
_tRevista Brasileira de Ciência Avícola (Brazil) _xISSN 1806-9061 _g(Jul-Sep 2015), v. 17(3) p. 355-362 _wBR2016001501 |
|
| 856 | 4 | 0 | _uhttp://www.scielo.br/pdf/rbca/v17n3/1516-635X-rbca-17-03-00355.pdf |
| 909 |
_a202311 _bLúcia _c55 _dLúcia Elande |
||
| 942 |
_2AGRIS _n0 _cANA |
||
| 999 |
_c248470 _d248470 |
||